Statistics for Groups of Two #1

Click here to take the quiz!

General Stats

  • This quiz has been taken 47,240 times
  • The average score is 28 of 48

Answer Stats

Category Answer % Correct
Countries that border the U.S.Canada
94%
Countries that border the U.S.Mexico
94%
First people in the BibleAdam
91%
First people in the BibleEve
91%
National sports of CanadaIce Hockey
89%
Cities struck by an atomic bombHiroshima
88%
San Francisco bridgesGolden Gate
87%
Particles in an atomic nucleusNeutron
87%
Particles in an atomic nucleusProton
85%
Sons of Princess DianaHarry
80%
Cities struck by an atomic bombNagasaki
79%
Egg-laying mammalsPlatypus
77%
Sons of Princess DianaWilliam
77%
TropicsCancer
77%
TropicsCapricorn
75%
Colonies returned to China
in the late 1990's
Hong Kong
65%
Major passenger jet manufacturersBoeing
65%
Houses of English ParliamentHouse of Lords
61%
Houses of English ParliamentHouse of Commons
60%
First two U.S. Presidents to be impeachedBill Clinton
59%
Main Chicago airportsO'Hare
59%
Countries on HispaniolaHaiti
59%
Loves of Bella SwanEdward Cullen
58%
Longest Chinese riversYellow River
58%
Countries on HispaniolaDominican Republic
58%
Longest Chinese riversYangtze River
55%
Empires conquered by
the Conquistadors
Aztec
55%
Palestinian territoriesGaza Strip
54%
Empires conquered by the ConquistadorsInca
53%
Major Mesopotamian RiversTigris
53%
Major Mesopotamian RiversEuphrates
53%
Rival African-American street gangs of Los AngelesCrips
52%
Rival African-American street
gangs of Los Angeles
Bloods
51%
Loves of Bella SwanJacob Black
48%
Mountain ranges dividing
Europe and Asia
Urals
47%
Palestinian territoriesWest Bank
39%
Types of camelDromedary
38%
Discoverers of DNA structureFrancis Crick
35%
Colonies returned to China in the late 1990sMacau
34%
Major passenger jet manufacturersAirbus
34%
Discoverers of DNA structureJames Watson
30%
First two U.S. Presidents to be impeachedAndrew Johnson
30%
Mountain ranges dividing Europe and AsiaCaucasus
30%
Egg-laying mammalsEchidna
27%
National sports of CanadaLacrosse
24%
Types of camelBactrian
22%
San Francisco bridgesBay Bridge
22%
Main Chicago airportsMidway
20%

Score Distribution

Percentile by Number Answered

Percent of People with Each Score

Your Score History

You have not taken this quiz